Casa dels nens : Escola Montessori Escola Montessori
Descripción Física:
1 díptic ; 18 cm + 1 f. solt
MARC
| LEADER | 00000nam a2200000Ia 4500 | ||
|---|---|---|---|
| 001 | 21443 | ||
| 003 | BGR | ||
| 005 | 20260410113633.0 | ||
| 008 | 160829s1915 xx 000 0 cat d | ||
| 080 | |a RF-12-70 | ||
| 245 | |a Casa dels nens : |b Escola Montessori | ||
| 260 | |a Barcelona : |b Tip. Altés, |c 1915 | ||
| 300 | |a 1 díptic ; |c 18 cm + 1 f. solt | ||
| 590 | |a Prové de 3274, exp. 1 | ||
| 650 | |a Escola Montessori (Barcelona) |9 47712 | ||
| 650 | |a Montessori, Mètode de |x Barcelona |9 47357 | ||
| 710 | 2 | |a Escola Montessori (Barcelona) |9 70250 | |
| 856 | 4 | |u https://media.diba.cat/diba/fitxers/arxiu/fulletons/bib_21443_1915_baixa.pdf |y Accés lliure | |
| 856 | 4 | |u https://media.diba.cat/diba/fitxers/arxiu/fulletons/bib_21443_1915_baixa.pdf |y Accés lliure | |
| 900 | |a bib_21443_1915_baixa.pdf | ||
| 901 | |a Arxiu | ||
| 942 | |n 1 |2 udc |c MON | ||
| 952 | |0 0 |1 0 |4 0 |6 RF1270 |7 1 |9 54052 |a Arxiu |b Arxiu |d 2016-12-01 |l 0 |o RF-12-70 |p 21443 |r 2016-12-01 00:00:00 |w 2016-12-01 |y ARXIU | ||
| 999 | |c 57920 |d 57920 | ||